[Event "GER-ch Youth U12 2020"]
[Site "Willingen"]
[Date "2020.10.28"]
[Round "2.16"]
[White "Cromm, Mika"]
[Black "Chugunov, Ivan"]
[Result "1/2-1/2"]
[WhiteElo "1665"]
[BlackElo "1552"]
[Annotator "NA RC"]
[PlyCount "81"]
[EventDate "2020.10.27"]
[EventType "swiss"]
[EventRounds "7"]
[EventCountry "GER"]
[SourceTitle "playchess.com"]
[Source "ChessBase"]
[SourceQuality "1"]
[TimeControl "40/5400+30:1800+30"]

1. d4 {[%emt 0:00:00]} c6 {[%emt 0:00:00]} 2. c4 {[%emt 0:00:00]} d5 {[%emt 0:00:00]} 3. Nc3 {[%emt 0:00:16]} Nf6 {[%emt 0:00:07]} 4. Bf4 {[%emt 0:00:17]} Bf5 {[%emt 0:00:51]} 5. e3 {[%emt 0:01:13]} e6 {[%emt 0:00:56]} 6. Nf3 {[%emt 0:00:44]} Nbd7 {[%emt 0:00:39]} 7. Bd3 {[%emt 0:01:31]} Bg6 {[%emt 0:00:59]} 8. O-O {[%emt 0:01:09]} Be7 {[%emt 0:00:21]} 9. Rc1 {[%emt 0:03:56]} a6 {[%emt 0:01:30]} 10. a4 {[%emt 0:06:39]} O-O {[%emt 0:02:26]} 11. cxd5 {[%emt 0:04:19]} cxd5 {[%emt 0:01:32]} 12. Bxg6 {[%emt 0:01:34]} hxg6 {[%emt 0:00:50]} 13. Qb3 {[%emt 0:16:44]} b6 {[%emt 0:02:11]} 14. Ne2 {[%emt 0:01:34]} Ra7 {[%emt 0:01:44]} 15. Rc6 {[%emt 0:03:05]} Nh5 {[%emt 0:01:17]} 16. Rfc1 {[%emt 0:00:54]} Nxf4 {[%emt 0:00:23]} 17. Nxf4 {[%emt 0:00:40]} Rb7 {[%emt 0:01:13]} 18. Nd3 {[%emt 0:05:36]} Nb8 {[%emt 0:04:15]} 19. R6c3 {[%emt 0:02:19]} a5 {[%emt 0:02:36]} 20. Nfe5 {[%emt 0:02:04]} Bd6 {[%emt 0:01:13]} 21. Nc6 {[%emt 0:03:59]} Nxc6 {[%emt 0:00:41]} 22. Rxc6 {[%emt 0:00:26]} Kh7 {[%emt 0:06:11]} 23. h3 {[%emt 0:02:15]} Re8 {[%emt 0:01:23]} 24. Qc2 {[%emt 0:06:24]} Ree7 {[%emt 0:01:59]} 25. f4 {[%emt 0:04:26]} f6 {[%emt 0:01:44]} 26. Qf2 {[%emt 0:01:13]} Rec7 {[%emt 0:00:53]} 27. R6c3 {[%emt 0:03:18]} Rxc3 {[%emt 0:00:51]} 28. Rxc3 {[%emt 0:01:03]} Rc7 {[%emt 0:00:12]} 29. Qc2 {[%emt 0:00:18]} Qc8 {[%emt 0:00:24]} 30. Rxc7 {[%emt 0:00:19]} Qxc7 {[%emt 0:00:15]} 31. Qxc7 {[%emt 0:00:10]} Bxc7 {[%emt 0:00:12]} 32. Kf2 {[%emt 0:00:26]} Kh6 {[%emt 0:02:01]} 33. Kf3 {[%emt 0:04:38]} g5 {[%emt 0:00:45]} 34. g4 {[%emt 0:00:31]} Bd6 {[%emt 0:01:37]} 35. Kg3 {[%emt 0:01:12]} gxf4+ {[%emt 0:00:38]} 36. exf4 {[%emt 0:00:35]} g5 {[%emt 0:00:44]} 37. h4 {[%emt 0:01:32]} gxh4+ {[%emt 0:02:10]} 38. Kxh4 {[%emt 0:00:09]} Kg6 {[%emt 0:00:10]} 39. Kg3 {[%emt 0:02:20]} Bc7 {[%emt 0:05:45]} 40. Kf3 {[%emt 0:03:18]} Bd6 {[%emt 0:02:19]} 41. Kg3 1/2-1/2

[Event "GER-ch Youth U12 2020"]
[Site "Willingen"]
[Date "2020.10.28"]
[Round "2.17"]
[White "Haubold, Sebastian Marcel"]
[Black "Dorendorf, Mika"]
[Result "1-0"]
[WhiteElo "1769"]
[BlackElo "1462"]
[Annotator "NA RC"]
[PlyCount "43"]
[EventDate "2020.10.27"]
[EventType "swiss"]
[EventRounds "7"]
[EventCountry "GER"]
[SourceTitle "playchess.com"]
[Source "ChessBase"]
[SourceQuality "1"]
[TimeControl "40/5400+30:1800+30"]

1. e4 {[%emt 0:00:00]} c5 {[%emt 0:00:00]} 2. Nf3 {[%emt 0:00:00]} Nc6 {[%emt 0:00:00]} 3. d4 {[%emt 0:00:00]} cxd4 {[%emt 0:00:04]} 4. Nxd4 {[%emt 0:00:05]} Nf6 {[%emt 0:00:12]} 5. Nc3 {[%emt 0:00:44]} e5 {[%emt 0:01:04]} 6. Ndb5 {[%emt 0:00:57]} d6 {[%emt 0:00:05]} 7. Bg5 {[%emt 0:01:28]} a6 {[%emt 0:00:25]} 8. Na3 {[%emt 0:06:42]} b5 {[%emt 0:00:08]} 9. Nd5 {[%emt 0:00:17]} Be7 {[%emt 0:02:19]} 10. Bxf6 {[%emt 0:01:35]} Bxf6 {[%emt 0:01:07]} 11. c3 {[%emt 0:00:09]} O-O {[%emt 0:00:12]} 12. Nc2 {[%emt 0:00:19]} Bg5 {[%emt 0:00:17]} 13. a4 {[%emt 0:00:17]} bxa4 {[%emt 0:00:15]} 14. Rxa4 {[%emt 0:00:10]} a5 {[%emt 0:00:01]} 15. Bc4 {[%emt 0:02:26]} Kh8 {[%emt 0:01:13]} 16. O-O {[%emt 0:06:06]} f5 {[%emt 0:00:47]} 17. exf5 {[%emt 0:01:45]} Bxf5 {[%emt 0:01:36]} 18. Nce3 {[%emt 0:01:26]} Bg6 {[%emt 0:04:32]} 19. Bd3 {[%emt 0:08:36]} e4 {[%emt 0:02:24]} 20. Bxe4 {[%emt 0:00:37]} Bxe4 {[%emt 0:01:03]} 21. Rxe4 {[%emt 0:00:06]} Ne5 {[%emt 0:00:59]} 22. f4 {[%emt 0:00:21]} 1-0

[Event "GER-ch Youth U12 2020"]
[Site "Willingen"]
[Date "2020.10.28"]
[Round "2.18"]
[White "Leubner, Paul Damdin"]
[Black "Möller, Maurin"]
[Result "1/2-1/2"]
[WhiteElo "1409"]
[BlackElo "1645"]
[Annotator "NA RC"]
[PlyCount "91"]
[EventDate "2020.10.27"]
[EventType "swiss"]
[EventRounds "7"]
[EventCountry "GER"]
[SourceTitle "playchess.com"]
[Source "ChessBase"]
[SourceQuality "1"]
[TimeControl "40/5400+30:1800+30"]

1. e4 {[%emt 0:00:00]} e5 {[%emt 0:00:00]} 2. Bc4 {[%emt 0:00:00]} Nf6 {[%emt 0:00:03]} 3. d3 {[%emt 0:00:00]} Bc5 {[%emt 0:02:32]} 4. Nf3 {[%emt 0:00:53]} d6 {[%emt 0:01:23]} 5. Nbd2 {[%emt 0:00:54]} O-O {[%emt 0:01:16]} 6. c3 {[%emt 0:02:23]} Re8 {[%emt 0:01:05]} 7. b4 {[%emt 0:02:05]} Bb6 {[%emt 0:00:11]} 8. Bb3 {[%emt 0:01:03]} d5 {[%emt 0:00:21]} 9. exd5 {[%emt 0:04:12]} Nxd5 {[%emt 0:00:21]} 10. Qc2 {[%emt 0:01:55]} Nf4 {[%emt 0:00:17]} 11. O-O {[%emt 0:05:12]} Qxd3 {[%emt 0:00:42]} 12. Ne4 {[%emt 0:05:36]} Qxc2 {[%emt 0:03:31]} 13. Bxc2 {[%emt 0:00:18]} Ne2+ {[%emt 0:00:29]} 14. Kh1 {[%emt 0:00:52]} Nxc1 {[%emt 0:00:14]} 15. Raxc1 {[%emt 0:00:46]} Be6 {[%emt 0:03:30]} 16. a4 {[%emt 0:04:13]} Bc4 {[%emt 0:01:43]} 17. Rfd1 {[%emt 0:03:20]} Be2 {[%emt 0:00:32]} 18. Rd2 {[%emt 0:02:54]} Bxf3 {[%emt 0:00:09]} 19. gxf3 {[%emt 0:00:20]} a6 {[%emt 0:02:30]} 20. a5 {[%emt 0:01:18]} Ba7 {[%emt 0:00:09]} 21. Rg1 {[%emt 0:01:09]} Kh8 {[%emt 0:07:59]} 22. Ng5 {[%emt 0:02:10]} Nc6 {[%emt 0:00:32]} 23. Nxf7+ {[%emt 0:04:17]} Kg8 {[%emt 0:00:07]} 24. Bb3 {[%emt 0:01:12]} Kf8 {[%emt 0:00:50]} 25. Ng5 {[%emt 0:08:09]} g6 {[%emt 0:05:18]} 26. Ne6+ {[%emt 0:04:14]} Ke7 {[%emt 0:00:00]} 27. Nxc7 {[%emt 0:02:37]} Rad8 {[%emt 0:00:34]} 28. Rgd1 {[%emt 0:02:52]} Rxd2 {[%emt 0:02:27]} 29. Rxd2 {[%emt 0:01:14]} Rf8 {[%emt 0:03:27]} 30. Kg2 {[%emt 0:01:30]} Bb8 {[%emt 0:00:38]} 31. Ne6 {[%emt 0:01:30]} Rc8 {[%emt 0:03:06]} 32. Nc5 {[%emt 0:07:09]} Rc7 {[%emt 0:00:29]} 33. Ne4 {[%emt 0:04:07]} Rc8 {[%emt 0:00:24]} 34. Ba4 {[%emt 0:01:56]} h6 {[%emt 0:01:49]} 35. Nc5 {[%emt 0:02:34]} Rc7 {[%emt 0:02:50]} 36. Rd3 {[%emt 0:01:34]} Ba7 {[%emt 0:13:49]} 37. Bxc6 {[%emt 0:07:03]} Bxc5 {[%emt 0:00:10]} 38. Be4 {[%emt 0:00:45]} Bd6 {[%emt 0:01:22]} 39. Bxg6 {[%emt 0:01:16]} Rc8 {[%emt 0:02:32]} 40. Be4 {[%emt 0:01:40]} Rc7 {[%emt 0:00:40]} 41. Kf1 {[%emt 0:31:01]} Ke6 {[%emt 0:31:24]} 42. h4 {[%emt 0:03:31]} Be7 {[%emt 0:00:13]} 43. h5 {[%emt 0:00:21]} Bg5 {[%emt 0:01:12]} 44. Ke2 {[%emt 0:00:46]} Bf6 {[%emt 0:01:29]} 45. Kd1 {[%emt 0:01:01]} Bh4 {[%emt 0:00:50]} 46. Ke2 {[%emt 0:03:05]} 1/2-1/2

[Event "GER-ch Youth U12 2020"]
[Site "Willingen"]
[Date "2020.10.28"]
[Round "2.19"]
[White "Huber, Benedikt"]
[Black "Mader, Fabian"]
[Result "0-1"]
[WhiteElo "2191"]
[BlackElo "1588"]
[Annotator "TA"]
[PlyCount "56"]
[EventDate "2020.10.27"]
[EventType "swiss"]
[EventRounds "7"]
[EventCountry "GER"]
[SourceTitle "playchess.com"]
[Source "ChessBase"]
[SourceQuality "1"]

{[%evp 17,55,13,3,21,21,0,0,-2,0,0,0,0,0,-185,-184,-184,-180,-189,-205,-231,-179,-271,-288,-343,-335,-322,-319,-768,-802,-941,-931,-1583,-1580,-29990,-29991,-29991,-29992,-29994,-29995,-29999]} 1. e4 e6 2. d4 d5 3. Nd2 dxe4 4. Nxe4 Nd7 5. Nf3 Ngf6 6. Bd3 b6 7. O-O Bb7 8. Qe2 Be7 9. b3 O-O 10. Bb2 {C10: French with 3 Nc3: Unusual Black 3rd moves and 3...dxe4.} c5 11. Rfd1 Qc7 12. c4 {The position is equal.} Rfd8 13. dxc5 Bxe4 14. Bxe4 Nxe4 15. cxb6 $2 (15. Qxe4 $11 {and White has nothing to worry.} Nxc5 16. Qe3) 15... Qb7 $19 16. bxa7 Rxa7 17. Nd4 Ndf6 18. f3 Nc5 19. b4 (19. Nb5 {keeps fighting.} Rxd1+ 20. Qxd1) 19... Na4 ({Less strong is} 19... Qxb4 20. Nc6 $17) 20. a3 Nxb2 21. Qxb2 Qb6 22. Kh1 $2 (22. Rd2) 22... Rad7 23. Rdc1 Rxd4 24. Qc2 Rd2 {[#] ...Qf2 is the strong threat.} 25. Qa4 Qf2 {[%csl Gd2][%cal Rf2g2] Black mates.} 26. Rg1 Bd6 27. c5 {[#]} Bxh2 $1 28. Kxh2 Qh4# {White got outplayed after the opening. Av CentiPawn Loss W=-137/B=-53. Weighted=-114/-21} 0-1

[Event "GER-ch Youth U12 2020"]
[Site "Willingen"]
[Date "2020.10.28"]
[Round "2.20"]
[White "Krüger, Arthur"]
[Black "Schneble, Milan"]
[Result "1-0"]
[WhiteElo "1704"]
[BlackElo "1418"]
[Annotator "NA RC"]
[PlyCount "69"]
[EventDate "2020.10.27"]
[EventType "swiss"]
[EventRounds "7"]
[EventCountry "GER"]
[SourceTitle "playchess.com"]
[Source "ChessBase"]
[SourceQuality "1"]
[TimeControl "40/5400+30:1800+30"]

1. e4 {[%emt 0:00:00]} d6 {[%emt 0:00:00]} 2. d4 {[%emt 0:00:29]} Nf6 {[%emt 0:00:05]} 3. Nc3 {[%emt 0:00:14]} g6 {[%emt 0:00:30]} 4. f4 {[%emt 0:01:03]} Bg7 {[%emt 0:00:59]} 5. Nf3 {[%emt 0:00:58]} c5 {[%emt 0:02:48]} 6. d5 {[%emt 0:02:34]} O-O {[%emt 0:00:51]} 7. Be2 {[%emt 0:02:35]} Re8 {[%emt 0:08:05]} 8. O-O {[%emt 0:01:25]} Nbd7 {[%emt 0:06:07]} 9. h3 {[%emt 0:03:12]} a6 {[%emt 0:10:44]} 10. a4 {[%emt 0:01:21]} Qa5 {[%emt 0:03:11]} 11. Bd2 {[%emt 0:01:31]} Qc7 {[%emt 0:05:02]} 12. a5 {[%emt 0:03:11]} b5 {[%emt 0:12:28]} 13. axb6 {[%emt 0:02:15]} Nxb6 {[%emt 0:03:04]} 14. Be1 {[%emt 0:07:27]} Bb7 {[%emt 0:07:23]} 15. Bg3 {[%emt 0:03:06]} e6 {[%emt 0:06:48]} 16. dxe6 {[%emt 0:03:50]} fxe6 {[%emt 0:03:40]} 17. Nd2 {[%emt 0:08:34]} Kh8 {[%emt 0:07:46]} 18. Bf3 {[%emt 0:03:17]} Re7 {[%emt 0:04:55]} 19. Qe2 {[%emt 0:02:56]} c4 {[%emt 0:03:55]} 20. Bf2 {[%emt 0:03:44]} Rc8 {[%emt 0:03:10]} 21. Kh1 {[%emt 0:01:28]} Nbd7 {[%emt 0:01:30]} 22. Ra4 {[%emt 0:01:58]} Nb6 {[%emt 0:03:29]} 23. Bxb6 {[%emt 0:02:25]} Qxb6 {[%emt 0:00:09]} 24. Nxc4 {[%emt 0:00:26]} Qc7 {[%emt 0:01:48]} 25. Na5 {[%emt 0:05:52]} e5 {[%emt 0:02:00]} 26. fxe5 {[%emt 0:01:53]} Rxe5 {[%emt 0:00:50]} 27. Nxb7 {[%emt 0:00:42]} Qxb7 {[%emt 0:00:12]} 28. Qxa6 {[%emt 0:00:29]} Qd7 {[%emt 0:01:20]} 29. Rd1 {[%emt 0:05:57]} Rc6 {[%emt 0:01:08]} 30. Qa7 {[%emt 0:02:45]} Rc7 {[%emt 0:00:29]} 31. Qb8+ {[%emt 0:00:44]} Re8 {[%emt 0:00:32]} 32. Qb4 {[%emt 0:00:28]} Bf8 {[%emt 0:00:30]} 33. Qd4 {[%emt 0:00:56]} Be7 {[%emt 0:00:30]} 34. Nd5 {[%emt 0:00:39]} Rxc2 {[%emt 0:00:31]} 35. Nxf6 1-0

[Event "GER-ch Youth U12 2020"]
[Site "Willingen"]
[Date "2020.10.28"]
[Round "2.21"]
[White "Honisch, Alexander"]
[Black "Ehrlich, Patrick"]
[Result "1-0"]
[WhiteElo "1667"]
[BlackElo "1448"]
[Annotator "NA RC"]
[PlyCount "57"]
[EventDate "2020.10.27"]
[EventType "swiss"]
[EventRounds "7"]
[EventCountry "GER"]
[SourceTitle "playchess.com"]
[Source "ChessBase"]
[SourceQuality "1"]
[TimeControl "40/5400+30:1800+30"]

1. e4 {[%emt 0:00:00]} d6 2. d4 Nf6 {[%emt 0:00:37]} 3. Nc3 {[%emt 0:00:42]} g6 {[%emt 0:00:07]} 4. Be3 {[%emt 0:00:43]} c6 {[%emt 0:00:07]} 5. Qd2 {[%emt 0:07:45]} b5 {[%emt 0:00:10]} 6. f3 {[%emt 0:01:05]} Nbd7 {[%emt 0:00:11]} 7. h4 {[%emt 0:09:59]} Nb6 {[%emt 0:01:08]} 8. a3 {[%emt 0:03:59]} a5 {[%emt 0:02:52]} 9. Rd1 {[%emt 0:13:35]} b4 {[%emt 0:04:13]} 10. Nb1 {[%emt 0:02:22]} bxa3 {[%emt 0:02:57]} 11. Nxa3 {[%emt 0:01:28]} Ba6 {[%emt 0:01:03]} 12. Bxa6 {[%emt 0:03:22]} Rxa6 {[%emt 0:00:12]} 13. Nh3 {[%emt 0:01:02]} d5 {[%emt 0:10:37]} 14. e5 {[%emt 0:04:28]} Nfd7 {[%emt 0:01:45]} 15. Nf4 {[%emt 0:07:17]} e6 {[%emt 0:03:37]} 16. Qe2 {[%emt 0:03:24]} Ra7 {[%emt 0:04:06]} 17. h5 {[%emt 0:02:23]} Qg5 {[%emt 0:09:54]} 18. Nxg6 {[%emt 0:05:51]} Qg3+ {[%emt 0:01:01]} 19. Bf2 Qxg2 20. Rg1 {[%emt 0:01:08]} Qh2 {[%emt 0:06:55]} 21. Nxh8 {[%emt 0:00:30]} Qxh5 {[%emt 0:02:05]} 22. f4 {[%emt 0:01:51]} Qh2 {[%emt 0:06:14]} 23. Be3 {[%emt 0:02:26]} Qh4+ {[%emt 0:02:00]} 24. Qf2 {[%emt 0:03:10]} Qh5 {[%emt 0:05:05]} 25. Rg5 {[%emt 0:04:02]} Qh1+ {[%emt 0:02:02]} 26. Ke2 {[%emt 0:01:10]} Qh3 {[%emt 0:02:15]} 27. Qg2 {[%emt 0:01:36]} Qxg2+ {[%emt 0:02:38]} 28. Rxg2 {[%emt 0:00:16]} Bh6 {[%emt 0:00:53]} 29. Rh1 {[%emt 0:00:44]} 1-0

[Event "GER-ch Youth U12 2020"]
[Site "Willingen"]
[Date "2020.10.28"]
[Round "2.22"]
[White "Weyerer, Noah"]
[Black "Schwarz, David"]
[Result "1-0"]
[WhiteElo "1536"]
[BlackElo "1200"]
[Annotator "NA RC"]
[PlyCount "45"]
[EventDate "2020.10.27"]
[EventType "swiss"]
[EventRounds "7"]
[EventCountry "GER"]
[SourceTitle "playchess.com"]
[Source "ChessBase"]
[SourceQuality "1"]
[TimeControl "40/5400+30:1800+30"]

1. d4 {[%emt 0:00:00]} d5 {[%emt 0:00:00]} 2. Bf4 {[%emt 0:00:00]} c5 {[%emt 0:00:00]} 3. e3 {[%emt 0:01:06]} Nc6 {[%emt 0:01:57]} 4. c3 {[%emt 0:02:14]} e6 {[%emt 0:02:45]} 5. Nf3 {[%emt 0:00:55]} Nf6 {[%emt 0:02:38]} 6. Nbd2 {[%emt 0:00:27]} Bd7 {[%emt 0:01:54]} 7. Bd3 {[%emt 0:00:40]} Be7 {[%emt 0:02:27]} 8. Ne5 {[%emt 0:02:10]} Qb6 {[%emt 0:11:43]} 9. Qc2 {[%emt 0:06:57]} cxd4 {[%emt 0:09:44]} 10. exd4 {[%emt 0:01:16]} Rc8 {[%emt 0:01:32]} 11. Qb3 {[%emt 0:03:23]} Qxb3 {[%emt 0:09:06]} 12. axb3 {[%emt 0:01:03]} a6 {[%emt 0:01:04]} 13. b4 {[%emt 0:02:16]} Bxb4 {[%emt 0:04:25]} 14. Nxc6 {[%emt 0:07:38]} Bxc3 {[%emt 0:01:18]} 15. bxc3 {[%emt 0:01:24]} Rxc6 {[%emt 0:00:29]} 16. Ra3 {[%emt 0:02:51]} Ke7 {[%emt 0:02:26]} 17. Nf3 {[%emt 0:02:16]} Rhc8 {[%emt 0:05:01]} 18. Kd2 {[%emt 0:02:29]} Rb6 {[%emt 0:02:01]} 19. Rb1 {[%emt 0:02:33]} Rcc6 {[%emt 0:02:05]} 20. Ne5 {[%emt 0:02:47]} Rd6 {[%emt 0:02:54]} 21. Nxd7 {[%emt 0:04:13]} Rxb1 {[%emt 0:02:41]} 22. Bxd6+ {[%emt 0:00:11]} Kxd6 {[%emt 0:00:06]} 23. Bxb1 {[%emt 0:00:09]} 1-0

[Event "GER-ch Youth U12 2020"]
[Site "Willingen"]
[Date "2020.10.28"]
[Round "2.23"]
[White "Berresheim, Nils"]
[Black "Stadelmann, Constantin"]
[Result "1-0"]
[WhiteElo "1534"]
[BlackElo "1366"]
[Annotator "NA RC"]
[PlyCount "49"]
[EventDate "2020.10.27"]
[EventType "swiss"]
[EventRounds "7"]
[EventCountry "GER"]
[SourceTitle "playchess.com"]
[Source "ChessBase"]
[SourceQuality "1"]
[TimeControl "40/5400+30:1800+30"]

1. d4 {[%emt 0:00:00]} d5 {[%emt 0:00:00]} 2. c4 {[%emt 0:00:00]} e6 {[%emt 0:00:00]} 3. Nc3 {[%emt 0:00:00]} c6 {[%emt 0:00:12]} 4. Nf3 {[%emt 0:00:27]} f5 {[%emt 0:00:10]} 5. Bf4 {[%emt 0:00:43]} Nf6 {[%emt 0:00:17]} 6. e3 {[%emt 0:00:45]} Bd6 {[%emt 0:00:11]} 7. Bd3 {[%emt 0:00:51]} O-O {[%emt 0:00:11]} 8. O-O {[%emt 0:00:39]} Ne4 {[%emt 0:00:14]} 9. Qc2 {[%emt 0:02:27]} Nd7 {[%emt 0:00:59]} 10. Ne2 {[%emt 0:02:54]} b6 {[%emt 0:00:36]} 11. h3 {[%emt 0:03:06]} Ba6 {[%emt 0:01:35]} 12. Rfd1 {[%emt 0:02:31]} Qc7 {[%emt 0:06:31]} 13. Rac1 {[%emt 0:02:44]} Ndf6 {[%emt 0:01:52]} 14. Ne5 {[%emt 0:02:16]} c5 {[%emt 0:02:24]} 15. f3 {[%emt 0:05:30]} dxc4 {[%emt 0:04:46]} 16. Bxc4 {[%emt 0:02:16]} Bxc4 {[%emt 0:02:57]} 17. Qxc4 {[%emt 0:03:52]} b5 {[%emt 0:03:45]} 18. Qxe6+ {[%emt 0:03:01]} Kh8 {[%emt 0:00:57]} 19. fxe4 {[%emt 0:01:00]} Nxe4 {[%emt 0:00:39]} 20. dxc5 {[%emt 0:02:38]} Rae8 {[%emt 0:01:20]} 21. cxd6 {[%emt 0:04:50]} Qxc1 {[%emt 0:03:43]} 22. Nf7+ {[%emt 0:01:15]} Kg8 {[%emt 0:02:18]} 23. Nh6+ {[%emt 0:00:09]} Kh8 {[%emt 0:00:19]} 24. Qg8+ {[%emt 0:00:06]} Rxg8 {[%emt 0:00:25]} 25. Nf7# {[%emt 0:00:04]} 1-0

[Event "GER-ch Youth U12 2020"]
[Site "Willingen"]
[Date "2020.10.28"]
[Round "2.25"]
[White "Göpfert, Gregor"]
[Black "Schröder, Jan-Hendrik"]
[Result "0-1"]
[WhiteElo "1603"]
[BlackElo "1324"]
[Annotator "NA RC"]
[PlyCount "76"]
[EventDate "2020.10.27"]
[EventType "swiss"]
[EventRounds "7"]
[EventCountry "GER"]
[SourceTitle "playchess.com"]
[Source "ChessBase"]
[SourceQuality "1"]
[TimeControl "40/5400+30:1800+30"]

1. e4 {[%emt 0:00:00]} c5 {[%emt 0:00:00]} 2. Nf3 {[%emt 0:00:00]} Nc6 {[%emt 0:00:00]} 3. d4 {[%emt 0:00:00]} cxd4 {[%emt 0:00:00]} 4. Nxd4 {[%emt 0:00:00]} g6 {[%emt 0:00:00]} 5. Nc3 {[%emt 0:01:28]} Bg7 {[%emt 0:00:02]} 6. Be3 {[%emt 0:01:09]} d6 {[%emt 0:00:17]} 7. Bc4 {[%emt 0:00:53]} Nf6 {[%emt 0:00:19]} 8. h3 {[%emt 0:00:23]} O-O {[%emt 0:00:19]} 9. Bb3 {[%emt 0:01:12]} Bd7 {[%emt 0:01:04]} 10. O-O {[%emt 0:00:20]} a6 {[%emt 0:01:10]} 11. f4 {[%emt 0:01:15]} Nxd4 {[%emt 0:01:44]} 12. Bxd4 {[%emt 0:00:11]} Bc6 {[%emt 0:00:30]} 13. Qd3 {[%emt 0:01:12]} d5 {[%emt 0:07:18]} 14. exd5 {[%emt 0:07:41]} Bd7 {[%emt 0:10:59]} 15. Rae1 {[%emt 0:04:39]} h5 {[%emt 0:06:16]} 16. Qe3 {[%emt 0:04:18]} Re8 {[%emt 0:01:54]} 17. a4 {[%emt 0:16:24]} Bf5 {[%emt 0:02:42]} 18. Bc5 {[%emt 0:08:44]} Qc7 {[%emt 0:04:32]} 19. Bb6 {[%emt 0:06:55]} Qd6 {[%emt 0:01:43]} 20. a5 {[%emt 0:01:33]} Rac8 {[%emt 0:00:56]} 21. Ba4 {[%emt 0:01:28]} Rxc3 {[%emt 0:08:02]} 22. bxc3 {[%emt 0:06:03]} Nxd5 {[%emt 0:00:11]} 23. Qf3 {[%emt 0:05:26]} Rc8 {[%emt 0:00:53]} 24. Rd1 {[%emt 0:02:26]} e6 {[%emt 0:00:10]} 25. Bd4 {[%emt 0:04:54]} Bxd4+ {[%emt 0:06:22]} 26. cxd4 {[%emt 0:00:19]} Rc3 {[%emt 0:04:47]} 27. Qf2 {[%emt 0:00:58]} Ne3 {[%emt 0:01:01]} 28. Rd2 {[%emt 0:01:36]} Nxf1 {[%emt 0:00:19]} 29. Qxf1 {[%emt 0:00:28]} Qb4 {[%emt 0:01:45]} 30. Bd7 {[%emt 0:01:52]} Rxc2 {[%emt 0:01:04]} 31. Rxc2 {[%emt 0:00:34]} Bxc2 {[%emt 0:00:02]} 32. Qf2 {[%emt 0:00:49]} Ba4 {[%emt 0:01:08]} 33. Bc8 {[%emt 0:01:30]} Bc6 {[%emt 0:00:22]} 34. Qa2 {[%emt 0:00:57]} Qxd4+ {[%emt 0:00:27]} 35. Kh1 {[%emt 0:00:16]} Qd8 {[%emt 0:00:20]} 36. Bxe6 {[%emt 0:00:25]} fxe6 {[%emt 0:00:07]} 37. Qxe6+ {[%emt 0:00:09]} Kg7 {[%emt 0:00:13]} 38. Qe5+ {[%emt 0:00:19]} Kh7 {[%emt 0:00:52]} 0-1

[Event "GER-ch Youth U12 2020"]
[Site "Willingen"]
[Date "2020.10.28"]
[Round "2.26"]
[White "Ivanov, Alexander"]
[Black "Vecera, Fabio"]
[Result "0-1"]
[WhiteElo "2469"]
[BlackElo "1534"]
[Annotator "TA"]
[PlyCount "94"]
[EventDate "2020.10.27"]
[EventType "swiss"]
[EventRounds "7"]
[EventCountry "GER"]
[SourceTitle "playchess.com"]
[Source "ChessBase"]
[SourceQuality "1"]

{[%evp 9,94,60,71,31,70,80,93,84,85,68,67,40,48,48,41,-43,-57,-107,-52,-34,-43,-42,-9,-9,-6,-6,-8,-59,-4,-33,-25,-85,-25,-97,-12,-40,0,-115,0,0,0,8,8,0,8,-106,-144,-230,-230,-308,-273,-429,-407,-483,-350,-465,-286,-280,-262,-416,-403,-410,-344,-466,-460,-451,-458,-440,-443,-676,-681,-656,-634,-720,-762,-1421,-1338,-29983,-29984,-29984,-29985,-29985,-29986,-29987,-29988,-29988,-29989]} 1. d4 d5 2. c4 e6 3. Nc3 f5 4. Nf3 Nf6 5. Bf4 c6 6. Ne5 {A84: Dutch Defence: 2 c4 Miscellaneous.} Ne4 7. e3 {Hoping for Nxe4.} g6 8. Be2 {White is better.} Bg7 {[#]} 9. O-O $146 (9. h4 {looks sharper.} Nxc3 10. bxc3 Nd7 11. Nxd7 Bxd7 12. Bd6) ({Predecessor:} 9. Nxe4 dxe4 10. f3 Qa5+ 11. Qd2 Qxd2+ 12. Kxd2 exf3 13. gxf3 Nd7 14. Nxd7 Bxd7 15. c5 {1-0 (36) Galyas,M (2440)-Csaba,A (2215) Hungary 1998}) 9... O-O 10. f3 Nxc3 11. bxc3 Nd7 12. Nd3 (12. Nxd7 $14 Bxd7 13. Qb3) 12... dxc4 $15 13. Nf2 e5 ({Better is} 13... b5 $17 14. Bd6 Rf7) 14. Bxc4+ Kh8 15. dxe5 Nxe5 (15... g5 {is more complex.} 16. e6 gxf4 17. exd7 Qxd7 18. exf4 Bxc3 19. Rc1 Bd2) 16. Qxd8 Rxd8 17. Bb3 Re8 18. Rad1 (18. e4 $11) 18... Be6 (18... a5 $1 $15) 19. Bxe5 Bxe5 20. Rd3 {[#]} (20. Bxe6 $11 Rxe6 21. c4) 20... Bg8 (20... Bxb3 $1 $17 21. axb3 a5) 21. Rfd1 {[#]} (21. Bxg8 $11 {remains equal.} Kxg8 22. Rfd1) 21... Bf6 ({Black should play} 21... Bxb3 $1 $17 22. axb3 a5) 22. e4 Rad8 23. Nh3 (23. e5 $11 {keeps the balance.} Rxd3 24. Nxd3) 23... c5 (23... Rxd3 $17 24. Rxd3 fxe4) 24. Rxd8 $11 Rxd8 25. Rxd8 Bxd8 26. Bxg8 Kxg8 {[%mdl 4096] Endgame KB-KN} 27. e5 (27. exf5 $11 gxf5 28. c4) 27... c4 $17 {Black keeps a firm grip on the game.} 28. Nf4 (28. Nf2 $17 {is a better defense.}) 28... Bc7 $19 29. Nd5 Bxe5 30. g3 (30. f4 $142 Bd6 31. Kf2) 30... Kf7 31. f4 Bg7 32. Kf2 a6 {[%cal Ba7a6,Ba6a5,Ba5a4][%mdl 32]} 33. Ke2 Ke6 34. Nc7+ (34. Nb6 {keeps fighting.} Bxc3 35. Nxc4) 34... Kd7 35. Nd5 Kc6 36. Nb4+ Kc5 37. Kd2 a5 38. Nc2 b5 39. a3 (39. Ne1 $142 b4 40. cxb4+ axb4 41. Kc2) 39... Kd5 40. Ne1 a4 41. Nc2 Ke4 42. h3 Kf3 43. Nd4+ Bxd4 {Black mates.} 44. cxd4 Ke4 45. Kc3 h5 46. h4 Kd5 47. Kb4 Kxd4 {Av CentiPawn Loss W=-80/B=-23. Weighted=-79/-30} 0-1